000 00343nam a22001457a 4500
082 _a8948123
_bAPP/B
100 _aMALAYATH APPUNNI
245 _aBEERBAL KADAKAL
250 _aFIRST
260 _aTHIRURANGADI
_bASHRAFI BOOKS CENTRE
_c2007
300 _a64
520 _aCOMIC STORY FOR CHILDREN
650 _aSHORT STORY
_zKERAKA
942 _cBK
999 _c1088
_d1088